Plaza al derecho (Record no. 25251)
[ view plain ]
| 000 -LEADER | |
|---|---|
| campo de control de longitud fija | 00691nam a2200193 i 4500 |
| 001 - NÚMERO DE CONTROL | |
| campo de control | 25251 |
| 003 - IDENTIFICADOR DE NÚMERO DE CONTROL | |
| campo de control | ES-MaACL |
| 005 - FECHA Y HORA DE LA ÚLTIMA TRANSACCIÓN | |
| campo de control | 20250628063304.0 |
| 007 - CAMPO FIJO DE DESCRIPCIÓN FÍSICA--INFORMACIÓN GENERAL | |
| campo de control de longitud fija | t| |
| 008 - DATOS DE LONGITUD FIJA--INFORMACIÓN GENERAL | |
| campo de control de longitud fija | 021223s1850 sp ||||1| spa d |
| 100 1# - ENTRADA PRINCIPAL--NOMBRE DE PERSONA | |
| Nombre de persona | Arlincourt, Charles-Victor Prévost d', |
| Fechas asociadas al nombre | 1789-1856 |
| 9 (RLIN) | 22897 |
| 245 10 - MENCIÓN DEL TÍTULO | |
| Título | Plaza al derecho |
| Resto del título | : continuación al Dios lo quiere / |
| Mención de responsabilidad, etc. | Charles-Victor Prévôst d'Arlincourt ; traducido de la 12ª francesa por Diego Bravo y Destonet. |
| 260 ## - PUBLICACIÓN, DISTRIBUCIÓN, ETC. | |
| Lugar de publicación, distribución, etc. | Madrid : |
| Nombre del editor, distribuidor, etc. | [s.n., |
| Fecha de publicación, distribución, etc. | 1850] ( |
| Fabricante | Imp. R. R. de Rivera) |
| 300 ## - DESCRIPCIÓN FÍSICA | |
| Extensión | 104 p. ; |
| Dimensiones | 17 cm. |
| 700 1# - ENTRADA AGREGADA--NOMBRE PERSONAL | |
| Nombre de persona | Bravo y Destonet, Diego. |
| 9 (RLIN) | 31511 |
| 740 0# - ENTRADA AGREGADA--TÍTULO RELACIONADO/ANALÍTICO NO CONTROLADO | |
| Título relacionado o analítico no controlado | Dios lo quiere. |
| 852 ## - LOCALIZACIÓN | |
| Ubicación | ES-MaACL |
| Número de control de estantería | C-3583 |
| Estatus retirado | Estado de pérdida | Estado de daño | No para préstamo | Colección | Biblioteca de origen | Biblioteca actual | Ubicación en estantería | Fecha de adquisición | Fuente de adquisición | Total de préstamos | Signatura topográfica completa | Código de barras | Visto por última vez | Precio de reemplazo | Tipo de ítem Koha |
|---|---|---|---|---|---|---|---|---|---|---|---|---|---|---|---|
| Libros del s. XIX | Biblioteca del Ateneo de Madrid | Biblioteca del Ateneo de Madrid | Sala Palomar | 17/01/2008 | C-3583 | 1026032 | 23/02/2023 | 23/02/2023 | Libro impreso antiguo |
